000 00426nam a2200169Ia 4500
008 170705s9999 xx 000 0 und d
020 _a9780545853644
245 _aLola plants a garden /
245 _cAnna McQuinn ; illustrated by Rosalind Beardshaw.
260 _aNew York :
260 _bScholastic,
260 _c2014
300 _aunpaged :
300 _bcolor illustration ;
300 _c25cm.
500 _a530
999 _c336808
_d336808